| 000 | 00661nam a22001937a 4500 | ||
|---|---|---|---|
| 003 | OSt | ||
| 005 | 20251125144809.0 | ||
| 008 | 251125b |||||||| |||| 00| 0 eng d | ||
| 020 | _a971-513-169-7 | ||
| 040 |
_aDWC-Main lib _cOC |
||
| 082 |
_21st edition _aFil. 610.7368 C113p 2002 |
||
| 100 | _aCacarindin, E. | ||
| 245 |
_aPsychiatric nursing: _bstudent guide _cCacarindin, Eden E. |
||
| 250 | _a1st edition | ||
| 260 |
_aPhilippines : _bEducational Publishing House, _cc2002. |
||
| 300 |
_a230 pages ; _c27 cm. |
||
| 650 | _2Psychiatric nursing | ||
| 942 |
_2ddc _cBK - FIL _e1st edition _hFil. 610.7368 C113p 2002 _kFil. _n0 |
||
| 999 |
_c6299 _d6299 |
||